000
00325 a2200157 4500
001
180577
020
_a
040
_c
Magnum
100
_a
Flávia, Hila
240
1
0
_a
Tiziu bem te viu
_l
por
245
1
0
_a
Tiziu bem te viu
362
0
_a
1899
440
1
_a
Mazza Edições
697
_a
MAGNITO: IJ/POESIA
942
_c
BK
999
_c
180577
_d
180577